| 000 | 00875nas a2200313 4500 | ||
|---|---|---|---|
| 001 | BR2013000252 | ||
| 003 | BR-BrBNA | ||
| 005 | 20231205121800.0 | ||
| 007 | ta | ||
| 008 | 230509b bl.|||p| |||| 00| 00por d | ||
| 040 |
_aBR-BrBNA _bpor _cBiblioteca Nacional de Agricultura |
||
| 041 | _a(Pt) | ||
| 072 | _aF01; P40 | ||
| 100 | 1 | _aCarvalho, L.C.C. | |
| 100 | 1 | _aNascimento, R. | |
| 100 | 1 | _aMartins, R. | |
| 100 | 1 | _aDaniel, E.J. | |
| 100 | 1 | _aBotelho, N. | |
| 100 | 1 | _aRibeiro, L.C.R. | |
| 245 | 1 | _aSafra Recorde de grãos: os desafios da logística em 2013 | |
| 650 | _aPRODUÇÃO DE GRÃOS | ||
| 650 | _aLOGÍSTICA | ||
| 650 | _aCLIMA | ||
| 650 | _aSAFRA | ||
| 650 | _aLIDERANÇA | ||
| 773 | 0 |
_tAgroanalysis (Brazil) _xISSN 0100-4298 _g(Jan 2013), v. 33(1) p. 35-41 _wBR2013000252 |
|
| 909 |
_a202311 _bLúcia _c55 _dLúcia Elande |
||
| 942 |
_2AGRIS _n0 _cANA |
||
| 999 |
_c225220 _d225220 |
||